000
00337nam a2200133Ia 4500
008
151015s9999 xx 000 0 und d
020
_a
9966442383
050
_a
PL 8704 N77 N4 1993
245
_a
Nurru Saidi M
250
_a
_Ndoa ya Mzimuni
300
_a
Nairobi KLB 1993
650
_a
_Hadithi
700
_a
^d20130214 11:06:27^oanne
999
_c
3942
_d
3942